[Event "V Festival Terre degli Elimi A"]
[Site "Erice ITA"]
[Date "2014.07.22"]
[Round "5"]
[White "Campo, Renato"]
[Black "Iwanow, Anna"]
[WhiteElo "1992"]
[BlackElo "2210"]
[Result "0-1"]
[PlyCount "36"]
[EventDate "2014.07.19"]

1. d4 Nf6 2. Nc3 d5 3. Bg5 c6 4. f3 h6 5. Bf4 Nh5 6. Be3 Qb6 7. Na4 Qa5+ 8. c3
Nd7 9. b4 Qc7 10. Bf2 a5 11. a3 e5 12. e3 exd4 13. exd4 axb4 14. axb4 Bd6 15.
g3 O-O 16. Bd3 Ndf6 17. Ne2 Bh3 18. Nc5 Bg2 0-1

[Event "V Festival Terre degli Elimi A"]
[Site "Erice ITA"]
[Date "2014.07.22"]
[Round "5"]
[White "Castelli, Giovanni J."]
[Black "Iannello, Andrea"]
[WhiteElo "1909"]
[BlackElo "1924"]
[Result "1/2-1/2"]
[PlyCount "126"]
[EventDate "2014.07.19"]

1. e4 c5 2. Nf3 d6 3. d4 cxd4 4. Nxd4 Nf6 5. Nc3 a6 6. Bg5 e6 7. f4 Be7 8. Qf3
h6 9. Bh4 Qa5 10. O-O-O Qh5 11. Qxh5 Nxh5 12. Bxe7 Kxe7 13. g3 Nf6 14. Bg2 Nbd7
15. Rhe1 Nb6 16. e5 dxe5 17. fxe5 Nfd5 18. Nf5+ exf5 19. Nxd5+ Nxd5 20. Rxd5
Rb8 21. Red1 Be6 22. Rd6 Rhc8 23. Rb6 Rc7 24. Rd4 a5 25. Rb5 b6 26. Rd6 Rbc8
27. c3 Bxa2 28. Rdxb6 a4 29. Rb7 Bb3 30. Rxc7+ Rxc7 31. Bd5 Bxd5 32. Rxd5 a3
33. bxa3 Rxc3+ 34. Kb2 Rc7 35. a4 Ke6 36. Rb5 g5 37. a5 f4 38. gxf4 gxf4 39. a6
Ra7 40. Ra5 f3 41. Ra3 f2 42. Rf3 Rxa6 43. Rxf2 Rc6 44. Rf6+ Kd5 45. Rxf7 Kxe5
46. Rf2 Ke4 47. Rf7 Ke3 48. Rf5 Ke4 49. Rf2 h5 50. Rc2 Rg6 51. Kc1 Kf3 52. Kd1
Rg1+ 53. Kd2 Rg2+ 54. Kd3 Rxc2 55. Kxc2 Kg2 56. h4 Kg3 57. Kd2 Kxh4 58. Ke2 Kg3
59. Kf1 Kh2 60. Kf2 h4 61. Kf1 h3 62. Kf2 Kh1 63. Kg3 h2 1/2-1/2

[Event "V Festival Terre degli Elimi A"]
[Site "Erice ITA"]
[Date "2014.07.22"]
[Round "5"]
[White "De Coninck, Rafael"]
[Black "Fabiano, Giuseppe"]
[WhiteElo "2133"]
[BlackElo "2053"]
[Result "1/2-1/2"]
[PlyCount "108"]
[EventDate "2014.07.19"]

1. d4 d5 2. Nf3 Nc6 3. e3 Bg4 4. Bb5 Qd6 5. c4 dxc4 6. Nbd2 a6 7. Qa4 Bd7 8.
Nxc4 Qd5 9. Bxc6 Bxc6 10. Qc2 Nf6 11. Bd2 e6 12. Nce5 Qe4 13. Qxe4 Bxe4 14. Ng5
Bg6 15. h4 Bd6 16. h5 Bf5 17. Ngxf7 O-O 18. Nxd6 cxd6 19. Nc4 Bd3 20. Nb6 Rad8
21. f3 e5 22. Bc3 Rfe8 23. O-O-O e4 24. h6 g6 25. d5 Nd7 26. Nxd7 Rxd7 27. Rxd3
exd3 28. Kd2 b5 29. Kxd3 Rc8 30. Rh4 Ra8 31. Ba5 Rc8 32. Re4 Rc1 33. Re8+ Kf7
34. Rh8 Kf6 35. e4 Rg1 36. f4 g5 37. Bd8+ Kg6 38. Bxg5 Rxg2 39. Rg8+ Kf7 40.
Rg7+ Ke8 41. Rg8+ Kf7 42. Rh8 Kg6 43. Ra8 Rxb2 44. Rxa6 Kf7 45. e5 dxe5 46.
fxe5 Rxd5+ 47. Ke4 Rd1 48. Ra7+ Kg6 49. Be3 Re1 50. Rg7+ Kh5 51. e6 Rxa2 52. e7
Ra8 53. Rxh7 Re8 54. Rg7 Rxe3+ 1/2-1/2

[Event "V Festival Terre degli Elimi A"]
[Site "Erice ITA"]
[Date "2014.07.22"]
[Round "5"]
[White "De Wachter, Matthias"]
[Black "Corsino, Gianluca"]
[WhiteElo "2276"]
[BlackElo "2110"]
[Result "1/2-1/2"]
[PlyCount "60"]
[EventDate "2014.07.19"]

1. Nf3 Nf6 2. c4 e6 3. g3 a6 4. Bg2 b5 5. b3 c5 6. O-O Bb7 7. Bb2 Be7 8. d4
bxc4 9. dxc5 Bxc5 10. Qc2 Be7 11. Qxc4 O-O 12. Nc3 d5 13. Qf4 Nbd7 14. Rfd1 Qa5
15. e4 d4 16. Na4 e5 17. Qd2 Bb4 18. Qe2 Qb5 19. Bf1 Bxe4 20. Nxd4 Qb7 21. f3
Bd5 22. Nc2 Bxf3 23. Bg2 Bxe2 24. Bxb7 Bxd1 25. Rxd1 Ra7 26. Bxa6 Bc5+ 27. Nxc5
Nxc5 28. Bc4 Rxa2 29. Rb1 Ne6 30. Nb4 Raa8 1/2-1/2

[Event "V Festival Terre degli Elimi A"]
[Site "Erice ITA"]
[Date "2014.07.22"]
[Round "5"]
[White "De Wit, Tex"]
[Black "Van Der Eijk, Martijn"]
[WhiteElo "2330"]
[BlackElo "2198"]
[Result "1/2-1/2"]
[PlyCount "24"]
[EventDate "2014.07.19"]

1. d4 Nf6 2. Nc3 g6 3. e4 d6 4. f4 Bg7 5. Nf3 c5 6. Bb5+ Bd7 7. e5 Ng4 8. e6
fxe6 9. Ng5 Bxb5 10. Nxe6 Bxd4 11. Nxd8 Bf2+ 12. Kd2 Be3+ 1/2-1/2

[Event "V Festival Terre degli Elimi A"]
[Site "Erice ITA"]
[Date "2014.07.22"]
[Round "5"]
[White "Di Misa, Salvatore"]
[Black "Pisacane, Pietro"]
[WhiteElo "1962"]
[BlackElo "2058"]
[Result "0-1"]
[PlyCount "79"]
[EventDate "2014.07.19"]

1. Nf3 Nf6 2. c4 g6 3. Nc3 Bg7 4. g3 O-O 5. Bg2 d6 6. O-O e5 7. d3 Re8 8. e4
Bg4 9. h3 Bxf3 10. Qxf3 Nc6 11. Be3 Nd7 12. Qd1 Nc5 13. a3 a5 14. b3 Ne6 15.
Rb1 h5 16. b4 axb4 17. axb4 h4 18. Nd5 hxg3 19. fxg3 Ncd4 20. Bxd4 Nxd4 21. Rf2
c6 22. Ne3 Qg5 23. Nf1 Ra3 24. h4 Qh6 25. Nh2 Qe3 26. Qf1 Qxd3 27. Qxd3 Rxd3
28. g4 Ne6 29. Ra1 Rb3 30. Ra4 b5 31. cxb5 cxb5 32. Ra6 Rd8 33. Rd2 Nd4 34. g5
Rxb4 35. Nf3 Rb1+ 36. Kf2 b4 37. Nxd4 exd4 38. Bf1 Be5 39. Ra7 Rc8 40. Be2 0-1

[Event "V Festival Terre degli Elimi A"]
[Site "Erice ITA"]
[Date "2014.07.22"]
[Round "5"]
[White "Ferro, Mario"]
[Black "Mangelschots, Peter"]
[WhiteElo "2242"]
[BlackElo "2053"]
[Result "1-0"]
[PlyCount "57"]
[EventDate "2014.07.19"]

1. d4 e6 2. e3 f5 3. c4 Nf6 4. Nf3 b6 5. d5 Bb4+ 6. Bd2 Qe7 7. dxe6 dxe6 8.
Qa4+ Bd7 9. Qxb4 c5 10. Qb3 Nc6 11. Nc3 O-O-O 12. Be2 Ne4 13. Rf1 g5 14. Nxe4
fxe4 15. Ng1 Qd6 16. Bc3 Rhf8 17. Qc2 e5 18. Qxe4 Bf5 19. Bg4 Bxg4 20. Qxg4+
Kb8 21. Qe4 Rfe8 22. f3 Nb4 23. Bxb4 cxb4 24. Rf2 b3 25. axb3 Re7 26. g3 Qb4+
27. Kf1 Qxb3 28. Kg2 Rd3 29. Ra3 1-0

[Event "V Festival Terre degli Elimi A"]
[Site "Erice ITA"]
[Date "2014.07.22"]
[Round "5"]
[White "Friesen, Boris"]
[Black "Marzaduri, Riccardo"]
[WhiteElo "2076"]
[BlackElo "1944"]
[Result "0-1"]
[PlyCount "94"]
[EventDate "2014.07.19"]

1. e4 e6 2. d4 d5 3. Nc3 Nc6 4. exd5 exd5 5. Bb5 a6 6. Bxc6+ bxc6 7. Be3 Rb8 8.
Rb1 Nf6 9. Nge2 Be7 10. O-O O-O 11. Ng3 h6 12. Qd3 Qd7 13. Rfe1 Bd6 14. Nce2
Re8 15. b3 Qg4 16. f3 Qh4 17. Nf1 a5 18. Bf2 Qg5 19. Neg3 Be6 20. Be3 Qh4 21.
Bd2 c5 22. dxc5 Bxc5+ 23. Be3 Bf8 24. Bf2 Qb4 25. a4 Qb7 26. Bd4 Nd7 27. Nh5 c5
28. Ba1 Qa7 29. Kh1 Qc7 30. f4 d4 31. Nd2 g6 32. Qg3 Kh7 33. f5 Bd6 34. Qf2
Bxf5 35. Ne4 Be5 36. Nhg3 Be6 37. Bb2 Bg7 38. Ba3 Bd5 39. Rbd1 Qc6 40. Qf4 f5
41. Nxf5 Rxe4 42. Rxe4 Bxe4 43. Ne7 Bxg2+ 44. Kg1 Qf3 45. Qd2 Bh3 46. Bc1 Qg4+
47. Kh1 Qe4+ 0-1

[Event "V Festival Terre degli Elimi A"]
[Site "Erice ITA"]
[Date "2014.07.22"]
[Round "5"]
[White "Gueci, Tea"]
[Black "Claesen, Pieter"]
[WhiteElo "2089"]
[BlackElo "2340"]
[Result "1/2-1/2"]
[PlyCount "116"]
[EventDate "2014.07.19"]

1. e4 c6 2. d4 g6 3. Nc3 d5 4. e5 Nh6 5. f4 Bg4 6. Be2 Bxe2 7. Ncxe2 e6 8. Nf3
Nf5 9. c3 h5 10. Ng3 Nh4 11. Nxh4 Qxh4 12. Qb3 b6 13. Be3 Qg4 14. Qd1 Qxd1+ 15.
Rxd1 Be7 16. Kf2 c5 17. b3 Nc6 18. Ne2 Rc8 19. Rc1 Kd7 20. Rhd1 cxd4 21. Nxd4
Nxd4 22. Bxd4 Rhd8 23. c4 Ba3 24. Rc3 Ke7 25. cxd5 exd5 26. Rcd3 Rc2+ 27. R1d2
Rxd2+ 28. Rxd2 Bc1 29. Rc2 Bxf4 30. Kf3 Bh6 31. a4 Kd7 32. a5 Rb8 33. axb6 axb6
34. b4 Bf8 35. b5 Bc5 36. Ke3 Ra8 37. Bxc5 bxc5 38. Rxc5 Ke6 39. Kd4 Ra4+ 40.
Kc3 Kxe5 41. b6 Ra8 42. Kb4 Ke4 43. Kb5 d4 44. b7 Rb8 45. Kb6 d3 46. Rc8 Rxb7+
47. Kxb7 d2 48. Re8+ Kd3 49. Rd8+ Ke2 50. Re8+ Kf2 51. Rd8 Ke1 52. Re8+ Kd1 53.
Kb6 h4 54. Kb5 Kc2 55. Rc8+ Kd3 56. Rd8+ Ke2 57. Re8+ Kf2 58. Rd8 Ke1 1/2-1/2

[Event "V Festival Terre degli Elimi A"]
[Site "Erice ITA"]
[Date "2014.07.22"]
[Round "5"]
[White "Hickman, John E."]
[Black "Lombardo, Corrado"]
[WhiteElo "1977"]
[BlackElo "1830"]
[Result "1/2-1/2"]
[PlyCount "28"]
[EventDate "2014.07.19"]

1. Nf3 d5 2. g3 Nc6 3. Bg2 e5 4. d3 f5 5. O-O Nf6 6. c4 dxc4 7. Qa4 Bd6 8. Qxc4
Qe7 9. Nc3 a6 10. Bd2 Be6 11. Qa4 O-O 12. a3 h6 13. Nh4 Qf7 14. Qd1 Nd4 1/2-1/2

[Event "V Festival Terre degli Elimi A"]
[Site "Erice ITA"]
[Date "2014.07.22"]
[Round "5"]
[White "Iannello, Antonio"]
[Black "Gueci, Laura"]
[WhiteElo "1933"]
[BlackElo "1968"]
[Result "1/2-1/2"]
[PlyCount "48"]
[EventDate "2014.07.19"]

1. e4 c5 2. Nf3 Nc6 3. d4 cxd4 4. Nxd4 g6 5. Nc3 Bg7 6. Be3 Nf6 7. Nxc6 bxc6 8.
e5 Ng8 9. f4 Nh6 10. Qd2 O-O 11. O-O-O d6 12. exd6 exd6 13. Qxd6 Qa5 14. Qc5
Bxc3 15. Qxc3 Qxc3 16. bxc3 Be6 17. a3 a5 18. Be2 Bd5 19. Rhg1 Rfe8 20. Kd2 Nf5
21. Bc5 a4 22. c4 Be4 23. Bd3 Ng7 24. Rde1 Rad8 1/2-1/2

[Event "V Festival Terre degli Elimi A"]
[Site "Erice ITA"]
[Date "2014.07.22"]
[Round "5"]
[White "Larsen, Karsten"]
[Black "Vanparys, Philip"]
[WhiteElo "2265"]
[BlackElo "2141"]
[Result "1-0"]
[PlyCount "63"]
[EventDate "2014.07.19"]

1. e4 e6 2. d4 d5 3. exd5 exd5 4. Bd3 Nc6 5. c3 Bd6 6. Qf3 Nf6 7. h3 Be6 8. Bg5
Be7 9. Nd2 Qd7 10. Ne2 O-O-O 11. Nb3 Ne4 12. Bxe7 Nxe7 13. O-O-O Ng6 14. Nc5
Nxc5 15. dxc5 Ne5 16. Qg3 Nxd3+ 17. Qxd3 Qa4 18. a3 Qe4 19. Qxe4 dxe4 20. Rd4
f5 21. h4 Rxd4 22. Nxd4 Bd7 23. g3 Rf8 24. Re1 g6 25. Kd2 h6 26. Ke3 g5 27.
hxg5 hxg5 28. Rh1 Kd8 29. Rh7 Rf6 30. Rg7 b6 31. c6 Bxc6 32. Rxg5 1-0

[Event "V Festival Terre degli Elimi A"]
[Site "Erice ITA"]
[Date "2014.07.22"]
[Round "5"]
[White "Levitt, Jonathan Paul"]
[Black "Burg, Twan"]
[WhiteElo "2420"]
[BlackElo "2508"]
[Result "1/2-1/2"]
[PlyCount "88"]
[EventDate "2014.07.19"]

1. d4 d5 2. c4 e6 3. Nf3 Nf6 4. Bg5 dxc4 5. e3 b5 6. Be2 Bb7 7. O-O a6 8. a4 c6
9. b3 cxb3 10. Qxb3 Be7 11. Nbd2 O-O 12. Rfc1 Nbd7 13. e4 h6 14. Bh4 Ne8 15.
Bg3 Rc8 16. Bd3 Qb6 17. h4 Nc7 18. Bxc7 Rxc7 19. e5 c5 20. axb5 axb5 21. Qxb5
Qxb5 22. Bxb5 Rfc8 23. Ra7 Bxf3 24. Rxc7 Rxc7 25. Nxf3 Nb6 26. dxc5 Rxc5 27.
Rxc5 Bxc5 28. g3 Nd5 29. Bc6 Nc3 30. Ne1 Bd4 31. Nd3 Nd1 32. Kg2 Nb2 33. Nxb2
Bxb2 34. f4 g5 35. hxg5 hxg5 36. Kf3 Kg7 37. Kg4 gxf4 38. gxf4 f6 39. exf6+
Kxf6 40. Be4 Bc1 41. Bb1 Bd2 42. Bc2 e5 43. fxe5+ Kxe5 44. Kf3 Kd4 1/2-1/2

[Event "V Festival Terre degli Elimi A"]
[Site "Erice ITA"]
[Date "2014.07.22"]
[Round "5"]
[White "Maiorov, Nikita"]
[Black "Iordachescu, Viorel"]
[WhiteElo "2531"]
[BlackElo "2593"]
[Result "1/2-1/2"]
[PlyCount "41"]
[EventDate "2014.07.19"]

1. d4 Nf6 2. c4 e6 3. Nc3 Bb4 4. Qc2 O-O 5. a3 Bxc3+ 6. Qxc3 b5 7. cxb5 c6 8.
Bg5 cxb5 9. e3 Bb7 10. Nf3 h6 11. Bh4 g5 12. Bg3 Ne4 13. Qd3 a6 14. Nd2 Nxg3
15. hxg3 Kg7 16. Rh2 d6 17. Be2 Nd7 18. f4 f5 19. Nf3 Bxf3 20. gxf3 Nf6 21. Kd2
1/2-1/2

[Event "V Festival Terre degli Elimi A"]
[Site "Erice ITA"]
[Date "2014.07.22"]
[Round "5"]
[White "Messina, Damiano"]
[Black "Valguarnera, Girolamo"]
[WhiteElo "1857"]
[BlackElo "2090"]
[Result "0-1"]
[PlyCount "137"]
[EventDate "2014.07.19"]

1. c4 e5 2. Nc3 Nf6 3. g3 Bc5 4. Bg2 a6 5. Nf3 Nc6 6. O-O d6 7. d3 Ba7 8. Rb1
O-O 9. b4 Nd4 10. e3 Ne6 11. a4 Re8 12. Qc2 Nf8 13. Bd2 Bd7 14. b5 a5 15. Ne1
Qc8 16. Nd5 Nxd5 17. cxd5 Bb6 18. e4 Bh3 19. Be3 Bxg2 20. Nxg2 Nd7 21. Rbc1 Bc5
22. Bxc5 Nxc5 23. Ne3 Qd8 24. Nc4 b6 25. f4 exf4 26. Rxf4 Re7 27. Rcf1 Nd7 28.
Ne3 Ne5 29. Nf5 Re8 30. d4 Ng6 31. R4f3 Rc8 32. h4 Nf8 33. g4 Qf6 34. g5 Qg6
35. Rg3 Qh5 36. Rf4 Ng6 37. Rfg4 Ne7 38. Ne3 Qg6 39. Ng2 Nxd5 40. Qc4 Ne7 41.
d5 f5 42. gxf6 Qxf6 43. Nf4 Rf8 44. Rxg7+ Kh8 45. R7g4 Rf7 46. Qe2 Qd4+ 47. Kh2
Rcf8 48. Qd3 Qe5 49. Ne6 Rf3 50. Qd4 Qxd4 51. Nxd4 Rf2+ 52. Rg2 Rxg2+ 53. Kxg2
Ng6 54. Ne6 Rf7 55. h5 Ne5 56. Rg3 Nd7 57. Nxc7 Nc5 58. Ne6 Nxe4 59. Re3 Nf6
60. Rc3 h6 61. Rc6 Nxd5 62. Rxd6 Rf5 63. Rd8+ Kh7 64. Rd7+ Kg8 65. Kg3 Rxh5 66.
Rd6 Kf7 67. Nd4 Ke7 68. Rxh6 Rxh6 69. Nf5+ 0-1

[Event "V Festival Terre degli Elimi A"]
[Site "Erice ITA"]
[Date "2014.07.22"]
[Round "5"]
[White "Ovaskainen, Juha"]
[Black "Mollema, Thomas"]
[WhiteElo "1839"]
[BlackElo "2076"]
[Result "0-1"]
[PlyCount "84"]
[EventDate "2014.07.19"]

1. d4 f5 2. g3 Nf6 3. Bg2 g6 4. c4 Bg7 5. Nc3 O-O 6. Nf3 d6 7. O-O Qe8 8. Qb3
Kh8 9. Rd1 a5 10. d5 Na6 11. Nd4 Nh5 12. e3 g5 13. f4 h6 14. Nce2 Nc5 15. Qc2
Bd7 16. Rf1 Qg6 17. g4 Nf6 18. gxf5 Qh5 19. Ng3 Qg4 20. Qf2 Nd3 21. Qf3 gxf4
22. exf4 Qxf3 23. Bxf3 Nxd5 24. Bxd5 Bxd4+ 25. Kg2 c6 26. Be6 Bxe6 27. fxe6
Bxb2 28. Bxb2+ Nxb2 29. Rab1 Nd3 30. f5 Nc5 31. Rbd1 b5 32. cxb5 cxb5 33. Rd5
b4 34. Ne2 a4 35. Nf4 Kh7 36. Ng6 Rg8 37. Kf3 Ra7 38. Rxd6 exd6 39. e7 Kg7 40.
Rg1 Kf7 41. Ne5+ dxe5 42. Rxg8 Rxe7 0-1

[Event "V Festival Terre degli Elimi A"]
[Site "Erice ITA"]
[Date "2014.07.22"]
[Round "5"]
[White "Peat, Matthew"]
[Black "Gelardi, Davide"]
[WhiteElo "2056"]
[BlackElo "1851"]
[Result "1-0"]
[PlyCount "95"]
[EventDate "2014.07.19"]

1. c4 Nf6 2. g3 g6 3. Bg2 Bg7 4. Nc3 c6 5. e4 d6 6. d4 Nbd7 7. Nf3 O-O 8. O-O
e5 9. h3 Ne8 10. Re1 Nc7 11. d5 c5 12. a3 a6 13. b4 b5 14. Nd2 f5 15. Rb1 Rb8
16. Bf1 Qe8 17. cxb5 axb5 18. Nb3 c4 19. Na5 Nb6 20. f3 f4 21. g4 Ra8 22. Qc2
g5 23. Qf2 Nd7 24. a4 bxa4 25. Bxc4 Ba6 26. b5 Bxb5 27. Nxb5 Rxa5 28. Nxc7 Qc8
29. Ne6 Qxc4 30. Rb7 Bf6 31. Rxd7 Rb8 32. Ba3 Qc3 33. Bxd6 Rb2 34. Rc7 Qb3 35.
Rc8+ Kf7 36. Rec1 Rb1 37. Qe1 Rxc1 38. Qxc1 Qe3+ 39. Qxe3 fxe3 40. Rc3 e2 41.
Kf2 Rb5 42. Kxe2 Rb2+ 43. Ke3 Rh2 44. Rc7+ Kg8 45. Rc8+ Kf7 46. Rf8+ Kg6 47.
Ra8 Ra2 48. Ra7 1-0

[Event "V Festival Terre degli Elimi A"]
[Site "Erice ITA"]
[Date "2014.07.22"]
[Round "5"]
[White "Ravagnani, Tiziano"]
[Black "Violi, Vincenzo"]
[WhiteElo "2006"]
[BlackElo "1839"]
[Result "1-0"]
[PlyCount "81"]
[EventDate "2014.07.19"]

1. e4 c5 2. Nf3 d6 3. d4 cxd4 4. Nxd4 Nf6 5. Nc3 a6 6. Bg5 e6 7. f4 Qc7 8. Qf3
Nc6 9. O-O-O Bd7 10. Nxc6 Bxc6 11. f5 Be7 12. fxe6 fxe6 13. Bd3 O-O-O 14. Qh3
Bd7 15. Rhe1 Qa5 16. Bd2 Qe5 17. Qe3 Kb8 18. Bxa6 Bc6 19. Qb6 Nd7 20. Qb4 Nc5
21. Bb5 d5 22. Qa5 d4 23. Ne2 Qxe4 24. Bxc6 bxc6 25. Ng3 Qd5 26. Qb6+ Kc8 27.
Ba5 Rd7 28. Bb4 Rb7 29. Bxc5 Rxb6 30. Bxb6 e5 31. Kb1 Kb7 32. Bxd4 exd4 33.
Rxe7+ Kb6 34. Rxg7 Qxg2 35. a3 Rf8 36. Rxh7 Rf2 37. Rxd4 Rxc2 38. Rb4+ Kc5 39.
Rd7 Rc4 40. Rbb7 Qxh2 41. b4+ 1-0

[Event "V Festival Terre degli Elimi A"]
[Site "Erice ITA"]
[Date "2014.07.22"]
[Round "5"]
[White "Santagati, Alessandro"]
[Black "Adrian, Claude"]
[WhiteElo "2216"]
[BlackElo "2236"]
[Result "1-0"]
[PlyCount "63"]
[EventDate "2014.07.19"]

1. e4 e6 2. Qe2 Ne7 3. Nf3 d5 4. d3 g6 5. g3 Bg7 6. Bg2 b6 7. O-O O-O 8. e5 c5
9. h4 Nbc6 10. Re1 f6 11. exf6 Bxf6 12. h5 e5 13. Bh6 Re8 14. Bg5 Bxg5 15. Nxg5
Nf5 16. Nh3 Nfd4 17. Qd1 Bxh3 18. Bxh3 e4 19. dxe4 dxe4 20. Nd2 e3 21. Rxe3
Rxe3 22. fxe3 Nf5 23. Bxf5 gxf5 24. Nc4 Qc7 25. Qd5+ Kh8 26. Nd6 Rf8 27. Rf1
Rf6 28. Nxf5 h6 29. Rf4 Nb4 30. Qa8+ Kh7 31. Rg4 Qf7 32. Rg7+ 1-0

[Event "V Festival Terre degli Elimi A"]
[Site "Erice ITA"]
[Date "2014.07.22"]
[Round "5"]
[White "Savalla, Pietro"]
[Black "Bondielli, Giorgio"]
[WhiteElo "1894"]
[BlackElo "1820"]
[Result "1/2-1/2"]
[PlyCount "75"]
[EventDate "2014.07.19"]

1. d4 f5 2. Nc3 Nf6 3. Bg5 e6 4. e3 Be7 5. Bd3 O-O 6. Nge2 b6 7. Qd2 Ba6 8. f3
Bxd3 9. cxd3 Nc6 10. h3 Nh5 11. Bxe7 Qxe7 12. O-O-O Nf6 13. Kb1 a6 14. g4 Qd6
15. gxf5 exf5 16. Rdg1 Rae8 17. Ng3 Nd5 18. Nxd5 Qxd5 19. Qg2 Re7 20. Nh5 Rff7
21. h4 Nb4 22. b3 Qb5 23. Rd1 Nd5 24. Qd2 Rxe3 25. Rhg1 Rfe7 26. Ng3 Rf7 27.
Nh5 Re2 28. Rde1 Rxe1+ 29. Rxe1 Re7 30. Rxe7 Nxe7 31. Qe3 Kf7 32. Kb2 Qc6 33.
Nf4 Nd5 34. Nxd5 Qxd5 35. Kb1 Qe6 36. Qf2 Qd5 37. Qe3 Qe6 38. Qf2 1/2-1/2

[Event "V Festival Terre degli Elimi A"]
[Site "Erice ITA"]
[Date "2014.07.22"]
[Round "5"]
[White "Senders, Mischa"]
[Black "Petkov, Vladimir"]
[WhiteElo "2183"]
[BlackElo "2538"]
[Result "1/2-1/2"]
[PlyCount "151"]
[EventDate "2014.07.19"]

1. e4 e5 2. Nf3 Nc6 3. Bb5 a6 4. Ba4 Nge7 5. O-O d6 6. c3 Ng6 7. d3 Be7 8. Re1
O-O 9. Nbd2 f5 10. h3 Kh8 11. Nf1 fxe4 12. dxe4 Bd7 13. Bb3 Qe8 14. Ng3 Nd8 15.
a4 Ne6 16. Nf5 Ngf4 17. Kh2 g6 18. Ng3 Bf6 19. a5 Bg7 20. Ba4 Bxa4 21. Qxa4 Qf7
22. Qd1 h5 23. Ra4 Nc5 24. Ra3 Bh6 25. Bxf4 Bxf4 26. b4 Ne6 27. Kg1 Bh6 28. Qd5
Nf4 29. Qxf7 Rxf7 30. c4 Raf8 31. Nh2 Ne6 32. Nf3 Kg7 33. Ne2 Kf6 34. Nc3 Ke7
35. Nd5+ Kd8 36. Rd1 g5 37. Ne3 Kc8 38. Nf5 Rf6 39. g4 Nf4 40. Ne1 Rh8 41. Ng2
Bf8 42. Nxf4 exf4 43. Rad3 hxg4 44. hxg4 Re6 45. f3 Be7 46. Kg2 Bf6 47. b5 Re5
48. Rd5 axb5 49. cxb5 Kd7 50. b6 Rxd5 51. Rxd5 Be5 52. bxc7 Kxc7 53. Nd4 Kd7
54. Nb5 Rc8 55. Nxd6 Bxd6 56. e5 Ke6 57. Rxd6+ Kxe5 58. Rb6 Rc5 59. Rxb7 Rxa5
60. Rb4 Kd5 61. Kf2 Ra2+ 62. Ke1 Rc2 63. Re4 Rc4 64. Re8 Rc2 65. Re4 Ra2 66.
Kf1 Ra1+ 67. Ke2 Ra6 68. Kf2 Rc6 69. Re2 Rc4 70. Re8 Rc2+ 71. Ke1 Kd4 72. Re4+
Kd3 73. Re8 Ra2 74. Re7 Ra1+ 75. Kf2 Ra2+ 76. Ke1 1/2-1/2

[Event "V Festival Terre degli Elimi A"]
[Site "Erice ITA"]
[Date "2014.07.22"]
[Round "5"]
[White "Sieciechowicz, Marcin"]
[Black "Manakova, Maria"]
[WhiteElo "2438"]
[BlackElo "2273"]
[Result "1/2-1/2"]
[PlyCount "117"]
[EventDate "2014.07.19"]

1. d4 Nf6 2. c4 g6 3. Nc3 d5 4. cxd5 Nxd5 5. e4 Nxc3 6. bxc3 Bg7 7. Bc4 c5 8.
Ne2 O-O 9. O-O Nc6 10. Be3 Qc7 11. Rc1 Rd8 12. Bf4 Qd7 13. dxc5 Ne5 14. Bxe5
Bxe5 15. Qb3 Qe8 16. f4 Bg7 17. f5 gxf5 18. exf5 Bd7 19. Ng3 Bc6 20. Rcd1 Rxd1
21. Rxd1 Kf8 22. Qc2 Rd8 23. h3 Be5 24. Ne2 Rxd1+ 25. Qxd1 Qc8 26. Qd3 Be8 27.
Qd5 Qxf5 28. Qxb7 Bxc3 29. Qd5 Qb1+ 30. Kh2 Qb8+ 31. Kg1 Be5 32. Bb3 e6 33. Qe4
Qc7 34. Qe3 Bf6 35. Nf4 Qd8 36. Kh1 Bg5 37. Qe4 Qf6 38. Nd3 Bb5 39. Bc4 Qf1+
40. Kh2 Bxc4 41. Qxc4 Bd8 42. Qe4 Bc7+ 43. g3 Qb1 44. Qe2 Qb5 45. Qc2 Qc6 46.
Nf2 Qf3 47. Ne4 f5 48. Nd6 f4 49. gxf4 Qxf4+ 50. Kg2 Bxd6 51. cxd6 Qxd6 52.
Qf2+ Kg8 53. Qxa7 Qd5+ 54. Kf2 Qf5+ 55. Kg2 Qe4+ 56. Kg1 Qe1+ 57. Kg2 Qe4+ 58.
Kg3 Qd3+ 59. Kg2 1/2-1/2

[Event "V Festival Terre degli Elimi A"]
[Site "Erice ITA"]
[Date "2014.07.22"]
[Round "5"]
[White "Smith, Thijmen"]
[Black "Bifulco, Michel"]
[WhiteElo "2225"]
[BlackElo "2084"]
[Result "1/2-1/2"]
[PlyCount "96"]
[EventDate "2014.07.19"]

1. e4 g6 2. d4 Bg7 3. Nc3 c6 4. Be3 d5 5. h3 dxe4 6. Nxe4 Nf6 7. Nxf6+ Bxf6 8.
Nf3 Nd7 9. Be2 O-O 10. O-O e5 11. c3 exd4 12. Nxd4 Nb6 13. Qb3 Nd5 14. Bh6 Bg7
15. Bxg7 Kxg7 16. Bc4 Nb6 17. Be2 c5 18. Nb5 Be6 19. c4 a6 20. Rfd1 Qe7 21. Nc3
Qc7 22. Ne4 Qe5 23. Nc3 Qc7 24. Nd5 Bxd5 25. cxd5 Qd6 26. Qc3+ Kg8 27. Bf3 Nd7
28. h4 Ne5 29. g3 Nxf3+ 30. Qxf3 h5 31. Rac1 Rfe8 32. Rc4 Rad8 33. Rf4 Rd7 34.
Rf6 Qe5 35. Rb6 Red8 36. d6 Rxd6 37. Rdxd6 Rxd6 38. Rxd6 Qxd6 39. Qxb7 Qd1+ 40.
Kg2 Qa4 41. a3 c4 42. Qb8+ Kg7 43. Qe5+ Kg8 44. Qd4 Qc6+ 45. Kf1 Qe6 46. Qe3
Qf6 47. Qc3 Qe6 48. Qe3 Qf6 1/2-1/2

[Event "V Festival Terre degli Elimi A"]
[Site "Erice ITA"]
[Date "2014.07.22"]
[Round "5"]
[White "Volkers, Annemarie"]
[Black "Sardo, Gabriele"]
[WhiteElo "2019"]
[BlackElo "2253"]
[Result "0-1"]
[PlyCount "124"]
[EventDate "2014.07.19"]

1. e4 c5 2. Nf3 e6 3. d4 cxd4 4. Nxd4 Nc6 5. Nc3 Qc7 6. g3 a6 7. Bg2 Nf6 8. O-O
Bc5 9. Nb3 Ba7 10. Bg5 h5 11. Qf3 Ne5 12. Qe2 h4 13. Be3 hxg3 14. hxg3 Nc4 15.
Bxa7 Rxa7 16. Nd1 d6 17. Nd4 b5 18. a4 Qc5 19. c3 e5 20. Nf5 g6 21. Nfe3 Rc7
22. axb5 axb5 23. Nxc4 bxc4 24. Ne3 Be6 25. Ra8+ Rc8 26. Rfa1 O-O 27. R8a5 Qc7
28. Ra7 Qb8 29. R7a4 Rc6 30. Nd5 Bxd5 31. exd5 Rb6 32. Qxc4 Rc8 33. Qh4 Kg7 34.
b4 Rxc3 35. Ra8 Rc1+ 36. Rxc1 Qxa8 37. Qc4 Qb7 38. Rb1 Nd7 39. Bh3 Nf6 40. Bg2
Ra6 41. Rc1 Ra4 42. Rb1 Qa7 43. Qc3 Ng4 44. Qf3 Ra2 45. b5 Qb6 46. Rf1 f5 47.
Bh3 e4 48. Qc3+ Ne5 49. Bg2 Qxb5 50. Qc7+ Qd7 51. Qb6 Nd3 52. Qd4+ Ne5 53. Rc1
Qa7 54. Qxa7+ Rxa7 55. Bf1 Ra5 56. Rd1 Kf6 57. Be2 g5 58. Kg2 f4 59. f3 Ra2 60.
Kf1 exf3 61. Bb5 Ng4 62. Ke1 f2+ 0-1

[Event "V Festival Terre degli Elimi A"]
[Site "Erice ITA"]
[Date "2014.07.22"]
[Round "5"]
[White "Warakomski, Tomasz"]
[Black "Sadzikowski, Daniel"]
[WhiteElo "2501"]
[BlackElo "2481"]
[Result "1/2-1/2"]
[PlyCount "70"]
[EventDate "2014.07.19"]

1. e4 c5 2. Nf3 d6 3. d4 cxd4 4. Nxd4 Nf6 5. Nc3 a6 6. Be3 e5 7. Nf3 Qc7 8. Qd3
h6 9. Qc4 Qc6 10. Nd2 Be6 11. Qxc6+ bxc6 12. Nc4 Nbd7 13. f4 Ng4 14. Bd2 Bxc4
15. Bxc4 exf4 16. Bxf4 Nge5 17. Be2 a5 18. O-O-O Be7 19. Rd4 Nc5 20. Na4 Bg5
21. Bxg5 hxg5 22. Nb6 Rb8 23. Nc4 Nxc4 24. Bxc4 Ke7 25. h3 Rh4 26. Re1 f6 27.
c3 Rf4 28. Kc2 Rf2+ 29. Re2 Rxe2+ 30. Bxe2 Ke6 31. Rc4 Ke5 32. Bf3 a4 33. Rd4
Rb6 34. Rc4 Rb8 35. Rd4 Rb6 1/2-1/2

[Event "V Festival Terre degli Elimi A"]
[Site "Erice ITA"]
[Date "2014.07.23"]
[Round "6"]
[White "Adrian, Claude"]
[Black "Lewyk, Ihor"]
[WhiteElo "2236"]
[BlackElo "2069"]
[Result "0-1"]
[PlyCount "96"]
[EventDate "2014.07.19"]

1. c4 c5 2. Nf3 Nc6 3. d4 cxd4 4. Nxd4 g6 5. e4 Bg7 6. Nc2 Nf6 7. Nc3 d6 8. Be2
O-O 9. O-O Be6 10. b3 Nxe4 11. Nxe4 Bf5 12. Bf3 Bxa1 13. Nxa1 Qa5 14. Ng3 Bd7
15. a4 Rad8 16. Bd2 Qc7 17. Nc2 Ne5 18. Ne3 Nxf3+ 19. Qxf3 Bc6 20. Qg4 Qd7 21.
Qh4 f5 22. f4 e5 23. Bc3 Rde8 24. Rd1 Qe7 25. Qxe7 Rxe7 26. fxe5 f4 27. Ng4 h5
28. exd6 Re6 29. d7 Rd8 30. Nh6+ Kf8 31. Rf1 Rxd7 32. Rxf4+ Ke8 33. h4 Rd3 34.
Bb4 Rxg3 35. Rf8+ Kd7 36. Nf7 Re8 37. Rxe8 Kxe8 38. Ne5 Rxg2+ 39. Kf1 Rg3 40.
Bd6 Rxb3 41. Nxg6 Bxa4 42. Nf4 Rb1+ 43. Ke2 Kd7 44. Be5 Bd1+ 45. Kd2 a5 46. Nd3
Bg4 47. Kc2 Rh1 48. Nc5+ Kc6 0-1